000 01046nam a2200217 i 4500
001 47635
003 ES-MaACL
005 20230906161613.0
007 t|
008 030509s1917 it ||||1| ita d
080 _a94(4)"1914/18"
110 1 _aItalia.
_bEsercito.
_9173440
245 1 0 _aPanorami della guerra :
_bdalle raccolte della sezione fotografica del comando supremo del r. esercito.
260 _aMilano :
_bBestetti e Tumminell,
_c[1917]
300 _a5 v. ;
_c34 cm.
505 8 _aContiene: Fasc. 7. Il Trentino: l'Alpe di Val Travignolo - Fasc. 8-9. Il Trentino: Val Sugana, M.te. Pasubio, Altip.ni di Lavarone e Luserna - Fasc. 10. Il Trentino: il Garda, la Valle del Sarca e la Valle Lagarina - Fasc. 11. Il Trentino: le Alpi dello Stelvio - Fasc. 12. Le Alpi Cadorine da col di mezzo
597 _aCada fascĂ­culo comprende 1 mapa y 1 h. pleg. de fotografĂ­a.
650 4 _aGuerra mundial, 1914-1918-
_zItalia.
_9156091
650 4 _aGuerra mundial, 1914-1918-
_vObras ilustradas.
_9148755
852 _aES-MaACL
_j1537-F-16-20
999 _c47635
_d47635